| 000 | 00846nas a2200277 4500 | ||
|---|---|---|---|
| 001 | BR2012000730 | ||
| 003 | BR-BrBNA | ||
| 005 | 20231205120101.0 | ||
| 007 | ta | ||
| 008 | 230509b bl.|||p| |||| 00| 00por d | ||
| 040 |
_aBR-BrBNA _bpor _cBiblioteca Nacional de Agricultura |
||
| 041 | _a(Pt) | ||
| 072 | _aK10; E50 | ||
| 100 | 1 | _aVosniak, J. | |
| 100 | 1 | _aLopes, E. da S. | |
| 100 | 1 | _aInoue, M.T. | |
| 100 | 1 | _aBatista, A. | |
| 245 | 1 | _aAvaliação da postura de trabalhadores nas atividades de plantio e adubação em florestas plantadas | |
| 650 | _aTRABALHADOR RURAL | ||
| 650 | _aPRODUÇÃO FLORESTAL | ||
| 650 | _aPOSTURA | ||
| 650 | _aERGONOMIA | ||
| 773 | 0 |
_tRevista Ceres (Brazil) _xISSN 0034-737X _g(Sep-Oct 2011), v. 58(5) p. 584-592 _wBR2012000730 |
|
| 909 |
_a202311 _bLúcia _c55 _dLúcia Elande |
||
| 942 |
_2AGRIS _n0 _cANA |
||
| 999 |
_c216993 _d216993 |
||